000
nam a22 7a 4500
999
_c
52404
_d
52404
003
OSt
005
20220622124220.0
008
220622b xxu||||| |||| 00| 0 eng d
040
_c
IIMT UNIVERSITY MEERUT
100
_a
VOHRA,N.D.
245
_a
QUANTITATIVE TECHNIQUES IN MGMT
260
_b
Mc GRAW HILL
300
_a
1091
942
_2
ddc
_c
09